Basic Marketing Research

Gespeichert in:
Bibliographische Detailangaben
1. Verfasser: Churchill, Gilbert A.
Format: Buch
Sprache:Englisch
Veröffentlicht: New York Dryden Press 1988
Ausgabe:1. ed.
Schlagworte:
Tags: Tag hinzufügen
Keine Tags, Fügen Sie das erste Tag hinzu!

MARC

LEADER 00000nam a2200000 4500
001 c001083
005 20221219115518.4
020 |a 0-03-007278-6 
041 0 |a eng 
044 |a US 
245 1 0 |a Basic Marketing Research  |c Gilbert A. Churchill 
250 |a 1. ed. 
264 1 |a New York  |b Dryden Press  |c 1988 
300 |a 765 s. 
610 2 0 |a marketing 
610 2 0 |a výskum marketingový 
610 2 0 |a prieskum trhu 
610 2 0 |a zber dát 
610 2 0 |a dotazníky 
610 2 0 |a inteligencia umelá 
610 2 0 |a analýza obsahová 
100 1 |a Churchill, Gilbert A.